| 000 | 00924nas a2200289 4500 | ||
|---|---|---|---|
| 001 | BR8701910 | ||
| 003 | BR-BrBNA | ||
| 005 | 20231205090625.0 | ||
| 007 | ta | ||
| 008 | 230509b bl.|||p| |||| 00| 00por d | ||
| 040 |
_aBR-BrBNA _bpor _cBiblioteca Nacional de Agricultura |
||
| 041 | _a(Pt) | ||
| 072 | _aP07; E71; E16 | ||
| 100 | 1 | _aChristodoulou, D. | |
| 245 | 1 | _aGas natural: o novo componente da matriz energetica brasileira | |
| 246 | 1 | _a[Natural gas: the new component of the Brazilian energetic model] | |
| 650 | _aGAS | ||
| 650 | _aMERCADO INTERNACIONAL | ||
| 650 | _aCOMERCIO EXTERIOR | ||
| 650 | _aCUSTO DE PRODUCAO | ||
| 650 | _aCONSUMO INTERNO | ||
| 650 | _aENERGIA ELETRICA | ||
| 650 | _aINDUSTRIALIZACAO | ||
| 773 | 0 |
_tEnergia Fontes Alternativas (Brazil) _xISSN 0100-6371 _g(May-Aug 1986), v. 8(43-44) p. 12-18 _wBR8701910 |
|
| 909 |
_a202311 _bLúcia _c55 _dLúcia Elande |
||
| 942 |
_2AGRIS _n0 _cANA |
||
| 999 |
_c119851 _d119851 |
||